Main 11 PSG soccer players - Statistics

General Stats
  • This quiz has been taken 1,884 times
  • The average score is 7 of 11
Answer Stats
Hint Answer % Correct
Thiago Silva
95%
Zlatan Ibrahimovic
93%
Javier Pastore
73%
Ezequiel Lavezzi
68%
Salvatore Sirigu
68%
Blaise Matuidi
65%
Mamadou Sakho
62%
Thiago Motta
59%
David Beckham
50%
Sylvain Armand
23%
Alex Costa
5%
No matching quizzes found
Score Distribution
Percent of People with Each Score
Percentile by Number Answered
Your Score History
You have not taken this quiz